000 01031nam a2200181Ia 4500
008 151202s9999||||xx |||||||||||||| ||und||
082 _bPNVM-45646
100 _aघटाटे ना.मा.अनु-खंडकर अविनाश.
245 _aपंतप्रधान अटल बिहारी वाजपेयी-अध्यक्ष महोदय !.
260 _b"अक्षर जुळणी,नागपूर साहित्य प्रसार केंद्र,नागपूर."
260 _c0
300 _a192
600 _aघटाटे ना.मा.अनु-खंडकर अविनाश.
630 _aपंतप्रधान अटल बिहारी वाजपेयी-अध्यक्ष महोदय !.
700 _aघटाटे ना.मा.अनु-खंडकर अविनाश.
730 _aपंतप्रधान अटल बिहारी वाजपेयी-अध्यक्ष महोदय !.
942 _cBOOK
999 _c1311597
_d1311594